The Governors of the States, 1900-1974 /

Guardat en:
Dades bibliogràfiques
Autor principal: Solomon, Samuel R.
Autor corporatiu: Library of Congress. Legislative Reference Service
Format: Llibre
Idioma:English
Publicat: Lexington, Ky. : Council of State Governments, 1974.
Col·lecció:RM ; 533.
Matèries:
LEADER 01332nam a2200337 a 4500
001 c000163162
003 CARM
005 20030417094707.0
008 741213s1974 kyu b 000 0 eng
010 |a 74082028 //r864 
019 1 |a 464580  |5 LACONCORD2021 
020 |a 0872920062 :  |c $4.00 
035 |a (OCoLC)1024264  |5 LACONCORD2021 
040 |a LC  |b eng  |c LC  |d LC 
043 |a n-us--- 
050 0 0 |a JS308  |b .C6 no. 533  |a JK2447 
082 0 0 |a 353.9 s  |2 19 
082 0 0 |a 353.9/131  |2 19 
100 1 |a Solomon, Samuel R. 
245 1 4 |a The Governors of the States, 1900-1974 /  |c compiled by Samuel R. Solomon. 
260 |a Lexington, Ky. :  |b Council of State Governments,  |c 1974. 
300 |a viii, 118 p. ;  |c 25 cm. 
490 1 |a RM ;  |v 533 
500 |a Updates the Governors of the States, 1900-1966, compiled by the Legislative Reference Service of the Library of Congress. 
504 |a Bibliography: p. 116-118. 
650 0 |a Governors  |z United States. 
710 2 |a Library of Congress.  |b Legislative Reference Service  |t The Governors of the States, 1900-1966. 
830 0 |a RM ;  |v 533. 
852 8 |b CARM  |h A2:AN25D0  |i C06010  |p 0222393  |f BK 
999 f f |i da3e676f-3016-535b-b1c8-c0de811b91e8  |s 0b71168e-b696-5f62-9526-58920172bf1e 
952 f f |p Can circulate  |a CAVAL  |b CAVAL  |c CAVAL  |d CARM 1 Store  |e C06010  |f A2:AN25D0  |h Other scheme  |i book  |m 0222393